Municipalities of Okayama - Click Map - Statistics

General Stats
  • This quiz has been taken 7 times
  • The average score is 11 of 27
Answers on the Map
Answers color-coded by a green-red scale on the quiz's map according to % correct below.
 
Answer Stats
Answer % Correct
Takahashi 高梁市 たかはしし
80%
Ibara 井原市 いばらし
60%
Mimasaka 美作市 みまさかし
60%
Niimi 新見市 にいみし
60%
Okayama 岡山市 おかやまし
60%
Soja 総社市 そうじゃし
60%
Tsuyama 津山市 つやまし
60%
Akaiwa 赤磐市 あかいわし
40%
Asakuchi 浅口市 あさくちし
40%
Bizen 備前市 びぜんし
40%
Kasaoka 笠岡市 かさおかし
40%
Kibichuo 吉備中央町 きびちゅうおうちょう
40%
Kurashiki 倉敷市 くらしきし
40%
Maniwa 真庭市 まにわし
40%
Misaki 美咲町 みさきちょう
40%
Nishiawakura 西粟倉村 にしあわくらそん
40%
Satosho 里庄町 さとしょうちょう
40%
Shinjo 新庄村 しんじょうそん
40%
Tamano 玉野市 たまのし
40%
Hayashima 早島町 はやしまちょう
20%
Kagamino 鏡野町 かがみのちょう
20%
Kumenan 久米南町 くめなんちょう
20%
Nagi 奈義町 なぎちょう
20%
Setouchi 瀬戸内市 せとうちし
20%
Shoo 勝央町 しょうおうちょう
20%
Wake 和気町 わけちょう
20%
Yakage 矢掛町 やかげちょう
20%
No matching quizzes found
Score Distribution
Percent of People with Each Score
Percentile by Number Answered
Your Score History
You have not taken this quiz